000 00251nam a2200109Ia 4500
008 190216s9999||||xx |||||||||||||| ||und||
100 _aRaman.Ps
245 0 _aPrayogiga Resathanthram
260 _bBhasha Institute
650 _aChemistry
942 _cBK
999 _c40006
_d40006